书目信息 |
| 题名: |
绿色政治:环境问题对传统观念的挑战
|
|
| 作者: | 李泊言 编著 | |
| 分册: | ||
| 出版信息: | 北京 中国国际广播出版社 2000.01 |
|
| 页数: | 173页 | |
| 开本: | 32开 | |
| 丛书名: | ||
| 单 册: | ||
| 中图分类: | X-05 | |
| 科图分类: | ||
| 主题词: | 环境科学 , 劳动? | |
| 电子资源: | ||
| ISBN: | 7-5078-1801-2 | |
| 000 | 00631nam0 2200205 45 | |
| 001 | 0008021023 | |
| 005 | 20000802104141.3 | |
| 010 | @a7-5078-1801-2@d9.00元 | |
| 100 | @a20000802d2000 km y0chiy0120 ea | |
| 101 | 0 | @achi |
| 105 | @a z 000yy | |
| 200 | 1 | @a绿色政治:环境问题对传统观念的挑战@ALu Se Zheng Zhi:Huan Jing Wen Ti Dui Chuan Tong Guan Nian De Tiao Zhan@f李泊言编著@FLi Bo Yan Bian Zhu |
| 210 | @a北京@c中国国际广播出版社@d2000.01 | |
| 215 | @a173页@d32开 | |
| 606 | 0 | @a环境科学 |
| 606 | 0 | @a劳动? |
| 690 | @aX-05@v3 | |
| 701 | 0 | @a李泊言@4编著 |
| 801 | @aCN@bPftUser@c20000802 | |
| 905 | @b84441-445@dX-05@eCH680@f5 | |
| 绿色政治:环境问题对传统观念的挑战/李泊言编著.-北京:中国国际广播出版社,2000.01 |
| 173页;32开 |
| ISBN 7-5078-1801-2:9.00元 |
| ● |
| 相关链接 |
|
|
|
正题名:绿色政治:环境问题对传统观念的挑战
索取号:X-05/CH680
 
预约/预借
| 序号 | 登录号 | 条形码 | 馆藏地/架位号 | 状态 | 备注 |
| 1 | 84441 | 200844417 | 自科库501/501自科库 60排4列5层/ [索取号:X-05/CH680] | 在馆 | |
| 2 | 84442 | 200844426 | 自科库501/501自科库 60排4列5层/ [索取号:X-05/CH680] | 在馆 | |
| 3 | 84443 | 200844435 | 自科库501/501自科库 60排4列5层/ [索取号:X-05/CH680] | 在馆 | |
| 4 | 84444 | 200844444 | 期刊室512/501自科库 60排4列5层/ [索取号:X-05/CH680] | 在馆 | |
| 5 | 84445 | 200844453 | 期刊室512/501自科库 60排4列5层/ [索取号:X-05/CH680] | 在馆 |